| 000 | 00546nam a22001577a 4500 | ||
|---|---|---|---|
| 999 |
_c1424 _d1424 |
||
| 008 | 200123b ||||| |||| 00| 0 eng d | ||
| 082 | 0 | 0 |
_a621.3 _bM4678 |
| 100 |
_9506 _aMaycock, W. Parren. |
||
| 245 | 1 | 0 |
_aElectric lighting and power distribution : dealing with the fundamental principles of electricity in their application to the electrical engineering industries, Vol-1) _cby W Parren Maycock |
| 250 | _a9th | ||
| 260 |
_aLondon _bPitman _c1947 |
||
| 300 | _axiii,562p. | ||
| 365 | _d10.02 | ||
| 650 | 0 | _aElectrical Engineering | |
| 942 | _cBK | ||